Velvet goldmine /

Gorde:
Xehetasun bibliografikoak
Egile nagusia: Haynes, Todd
Beste egile batzuk: Lyons, James, Stipe, Michael (Introdukzio egilea, etabar.)
Formatua: Liburua
Hizkuntza:ingelesa
Argitaratua: London : Faber and Faber, 1998
Etiketak: Etiketa erantsi
Etiketarik gabe, Izan zaitez lehena erregistro honi etiketa jartzen!

MARC

LEADER 00000nam a22000007i 4500
001 IT\ICCU\UBO\4485032
003 ItRI
005 20260115231819.0
008 201027s1998 xxk|||||| |||||d|||||c
020 |a 0571195784 
040 |b ita  |c importazione bologna sebina 
041 7 |a eng  |2 ISO-639-2 
100 1 |a Haynes, Todd  |0 IT\ICCU\UBOV\490835 
240 1 0 |a Velvet goldmine  |3 IT\ICCU\UBO\4485035  |9 Haynes, Todd 
245 1 0 |a Velvet goldmine /  |c Todd Haynes ; story by Todd Haynes and James Lyons. 
260 |a London :  |b Faber and Faber,  |c 1998 
300 |a xxxiii, 141 p., [4] p. di tav. :  |b ill. ;  |c 21  
500 |a Sulla cop.: foreword by Michael Stipe 
700 1 |a Lyons, James  |0 IT\ICCU\RAVV\470290 
700 1 |a Stipe, Michael  |0 IT\ICCU\VEAV\061735  |4 aui 
942 |2 ddc  |c BK  |n 0 
952 |0 0  |1 0  |4 0  |6 DOC_791_437000000000000_HAY  |7 0  |9 13314  |a BO  |b BO  |d 2026-01-15  |i 18845  |l 0  |o DOC 791.437 HAY  |p BO18845  |r 2026-01-15 23:18:19  |w 2026-01-15  |x [Sebina 5] [1 v.]  |y BK  |z 1 v. 
999 |c 11434  |d 11434